Economic Transformations: General Purpose Technologies and Long-Term Economic Growth (Record no. 616666)

MARC details
000 -LEADER
fixed length control field 00585nam a2200169Ia 4500
008 - FIXED-LENGTH DATA ELEMENTS--GENERAL INFORMATION
fixed length control field 260302s9999 xx 000 0 und d
020 ## - INTERNATIONAL STANDARD BOOK NUMBER
ISBN 9780199290895
Paper back/Hardbound hbk
082 ## - DEWEY DECIMAL CLASSIFICATION NUMBER
Classification number 338.9 LIP
100 ## - MAIN ENTRY--AUTHOR NAME
Personal name Lipsey,Richard G.
245 #0 - TITLE STATEMENT
Title Economic Transformations: General Purpose Technologies and Long-Term Economic Growth
Statement of responsibility, etc /Richard G. Lipsey, Kenneth I. Carlaw, and Clifford T. Bekar
250 ## - EDITION STATEMENT
Edition statement 1st ed.
260 ## - PUBLICATION, DISTRIBUTION, ETC. (IMPRINT)
Place of publication New York:
Name of publisher Oxford University Press,
Year of publication 2005.
300 ## - PHYSICAL DESCRIPTION
Number of Pages xx,595p.
Dimensions ;23cm.
650 ## - SUBJECT ADDED ENTRY--TOPICAL TERM
Topical Term Economic development and growth
942 ## - ADDED ENTRY ELEMENTS (KOHA)
Koha item type English Books
Holdings
Withdrawn status Lost status Damaged status Not for loan Home library Current library Shelving location Date acquired Full call number Accession Number Price effective from Koha item type
        Anna Centenary Library Anna Centenary Library 4TH FLOOR, A WING 02.03.2026 338.9 LIP 142230 02.03.2026 English Books

Find us on the map